000 00740nam a2200277 a 4500
001 000108020
003 CHAP
005 20220329143953.0
008 131128s2008 ck a |r| ||||||spa d
010 _a104482
011 _a105454
020 _a9789586485531
040 _cCHAP
082 0 4 _a690.22
_bH49
100 1 _aHenao Robledo, Fernando
_9124785
245 1 0 _aRiesgos en la construcción /
_cpor Fernando Henao Robledo.
260 _aBogotá :
_bEcoe,
_c2008.
300 _a242 p. :
_bil.
590 _aE5765TAJ
_b05
_c20131128
_lUCH01
_h0947
650 1 4 _aAlbañiles.
_93440
650 1 4 _aIndustria de la construcción.
_957803
650 1 4 _aMedidas de seguridad.
_973925
901 _aBK
942 _cLIBRO
942 _n0
999 _c104482
_d104482